Social theory and education : a critique of teories of social and cultural reproduction.

Gorde:
Xehetasun bibliografikoak
Egile nagusia: Morrow, Raymond Allen (autor)
Beste egile batzuk: Torres, Carlos Alberto (autor) (autor)
Formatua: Liburua
Hizkuntza:ingelesa
Saila:(Suny series)
Gaiak:
Etiketak: Etiketa erantsi
Etiketarik gabe, Izan zaitez lehena erregistro honi etiketa jartzen!

MARC

LEADER 00000cam^a2200000uu^4500
001 000483139
005 20250521000000.0
008 050901s1995^^^^^^^^^^^^rd^r^^000^0^eng^d
009 20260310125105.452
022 |a 0l791422518 
035 |a FCE 000026189 
035 |a FCE 017270 
037 |a Acervo ITESO - Biblioteca 
041 |a eng 
082 0 4 |a 370.193  |b MORs 
100 |a Morrow, Raymond Allen  |e (autor) 
245 1 0 |a Social theory and education :  |b a critique of teories of social and cultural reproduction. 
264 |a New York :  |b State University New Press,  |c 1995. 
300 |a 517 p. 
336 |a texto  |b txt  |2 rdacontenido 
337 |a sin mediación  |b n  |2 rdamedio 
338 |a volumen  |b nc  |2 rdasoporte 
440 0 |a (Suny series) 
649 |a XX 
650 |a Filosofía de la educación 
650 |a Sociología de la educación 
650 |a Teoría de la educación 
700 |a Torres, Carlos Alberto  |e (autor) 
910 |a Fondo Centro de Estudios Educativos 
920 |a Impresos - Libros 
930 |a Fondos Especiales 
905 |a 133 
901 |a ALE017270  |b IT2  |c CEE  |u 20250521 
902 |a https://opac.biblio.iteso.mx/vufind/Record/000483139